COMPUTER FORENSICS: COMPUTER CRIME SCENE INVESTIGATION (Record no. 215910)

MARC details
000 -LEADER
fixed length control field 00566nam a22001697a 4500
008 - FIXED-LENGTH DATA ELEMENTS--GENERAL INFORMATION
fixed length control field 250716b |||||||| |||| 00| 0 eng d
020 ## - INTERNATIONAL STANDARD BOOK NUMBER
International Standard Book Number 978-81-7008-341-2
050 ## - LIBRARY OF CONGRESS CALL NUMBER
Classification number QA 76.9 .A25 V33 2009
100 ## - MAIN ENTRY--PERSONAL NAME
Personal name VACCA, JOHN
245 ## - TITLE STATEMENT
Title COMPUTER FORENSICS: COMPUTER CRIME SCENE INVESTIGATION
260 ## - PUBLICATION, DISTRIBUTION, ETC.
Place of publication, distribution, etc. INDIA
Name of publisher, distributor, etc. FIREWALL MEDIA
Date of publication, distribution, etc. 2009
300 ## - PHYSICAL DESCRIPTION
Extent XXV,731P.:ILL
500 ## - GENERAL NOTE
General note INCLUDES BIBLIOGRAPHICAL REFERENCES AND INDEX
650 ## - SUBJECT ADDED ENTRY
Topical term or geographic name entry element 1. COMPUTER SECURITY 2. COMPUTER NETWORKS--SECURITY MEASURES 3. COMPUTER CRIMES
942 ## - ADDED ENTRY ELEMENTS (KOHA)
Source of classification or shelving scheme Library of Congress Classification
Koha item type Long Loan Book
Holdings
Withdrawn status Lost status Source of classification or shelving scheme Damaged status Not for loan Collection Home library Current library Shelving location Date acquired Inventory number Total checkouts Full call number Barcode Date last seen Copy number Price effective from Koha item type
    Library of Congress Classification     Science & Technology Kisii University Library Kisii University Library On Display 07/16/2025 109245   QA 76.9 .A25 V33 2009 000000020386 07/16/2025 1 07/16/2025 Long Loan Book
    Library of Congress Classification     Science & Technology Kisii University Library Kisii University Library On Display 07/16/2025 109246   QA 76.9 .A25 V33 2009 000000020385 07/16/2025 2 07/16/2025 Long Loan Book